Developing students statistical reasoning: connecting research and teaching practice
Guardat en:
| Autors principals: | , |
|---|---|
| Format: | Llibre |
| Idioma: | anglès |
| Publicat: |
Nueva York
Springer
2010
|
| Edició: | 1a. ed |
| Matèries: | |
| Etiquetes: |
Afegir etiqueta
Sense etiquetes, Sigues el primer a etiquetar aquest registre!
|
MARC
| LEADER | 00000cam a2200000 a 4500 | ||
|---|---|---|---|
| 001 | UCE3250 | ||
| 003 | CL-VaPUC | ||
| 008 | 140821e20100000us |||||||||||||||||eng|d | ||
| 020 | |a 9789048178629 | ||
| 082 | 0 | 4 | |a 370.1524 |b GAR |2 21 |
| 100 | 0 | |a Garfield B., Joan |e author |9 575802 | |
| 700 | 0 | |a Ben-Zvi, Dani |e author |9 575803 | |
| 245 | 1 | 0 | |a Developing students statistical reasoning: connecting research and teaching practice |
| 250 | |a 1a. ed | ||
| 300 | |a 408 p | ||
| 942 | |c BK | ||
| 945 | |d 20140821 14:35:00 |a arojas | ||
| 260 | |a Nueva York |b Springer |c 2010 | ||
| 650 | 0 | |a Estadística matemática |9 260028 | |
| 650 | 0 | |a Psicología cognitiva |9 306250 | |
| 650 | 0 | |a Educación matemática |9 468452 | |
| 583 | |a last modification |c 20170912 12:23:21 |k Rodrigo Vera | ||
| 999 | |c 356673 |d 356671 | ||
| 952 | |0 0 |1 0 |3 erb |4 0 |6 370_152400000000000_GAR_2010 |7 0 |8 A |9 464145 |a BIBMAT |b BIBMAT |c E_DIDACT |i 5110548 |o 370.1524 GAR 2010 |p 5110548 |r 2025-01-07 |w 2019-11-23 |y BK |z Catalogado en:20140821 |k MAT | ||